000 00348nam a22001457a 4500
008 230508b ||||| |||| 00| 0 eng d
020 _a9780077262044
041 _aeng
080 _2THIRTEENTH EDITION
_a338
082 _a338BLO
100 _a24
101 _aMANA
245 _aFOUNDATIONS OF FINANCIAL MANAGEMENT
_cBLOCK.B.S
942 _2udc
_cBK
999 _c59662
_d59662